Clave historial del conocimiento de los hechos ocurridos desde el nacimiento de nuestro Señor Jesucristo hasta nuestros días.

Detalles Bibliográficos
Autor principal: FLORES, Enrique
Formato: Libro
Publicado: Madrid 1817
Edición:16a. imp.
Materias:
Colección:Banco de datos
Acervo:Biblioteca del Museo Regional de Querétaro. INAH. Querétaro
Tema general:Historia Eclesiástica
Notas:Regular. 1D6, 1
LEADER 00753nam a22002050004500
035 |a 24839 
036 |a 690 
100 1 |a FLORES, Enrique 
245 1 0 |a Clave historial del conocimiento de los hechos ocurridos desde el nacimiento de nuestro Señor Jesucristo hasta nuestros días. 
250 |a 16a. imp. 
260 |a Madrid  |b Ibarra imp.  |c 1817 
500 |a Regular. 1D6, 1 
650 1 0 |a Historia Eclesiástica 
949 |a C.R.Q. 
959 |a Ex convento Grande de San Francisco de la ciudad de Querétaro, Museo Regional de Querétaro  |b CCC2 
960 |a Convento de San Diego de la ciudad de México  |b DD99 
961 |a Franciscana  |b OF 
942 |c C.R.Q. 
943 |g Biblioteca del Museo Regional de Querétaro. INAH. Querétaro 
999 |c 981155  |d 981155